Statistics for North Carolina Cities Quiz

Click here to take the quiz!

General Stats

  • This quiz has been taken 19 times
  • The average score is 9 of 15

Answer Stats

HintAnswer% Correct
The largest city in the state and 15th largest in the nationCharlotte
100%
Capital of North Carolina, named after Sir Walter _____Raleigh
100%
Largest city in the Blue Ridge MountainsAsheville
94%
Home to Duke UniversityDurham
81%
Largest suburb of CharlotteConcord
69%
Largest city in the Piedmont Triad regionGreensboro
69%
Nicknamed "Twin City" and "Camel City"Winston-Salem
69%
Home to Fort BraggFayetteville
63%
The furniture capital of the worldHigh Point
63%
The most educated town in North CarolinaChapel Hill
56%
Located near the mouth of the Cape Fear RiverWilmington
56%
Largest incorporated town in North Carolina and second in the USCary
31%
Located on Lake Norman and Mountain Island LakeHuntersville
25%
Was home to the first cotton mill of the southBurlington
19%
Site of the Loray Mill Strike in 1929Gastonia
19%

Score Distribution

Percentile by Number Answered

Percent of People with Each Score

Your Score History

You have not taken this quiz